| 000 | 00584nam a2200181Ia 4500 | ||
|---|---|---|---|
| 008 | 0000001996 sp a 0000000000spa00 | ||
| 090 | _aPSP00 P17p | ||
| 100 | 1 |
_aPascual Rodrigo, ángel _d1951 |
|
| 245 | 1 | 0 |
_aPassions no ben vistes _c/ Angel Rascual Rodrigo |
| 300 |
_a[12] p. _c/ 12 cm. |
||
| 600 | 0 | 0 |
_aPASCUAL RODRIGO, ANGEL, 1951/ _xTRABAJOS PICTORICOS |
| 650 | 1 | 4 | _aARTE CONTEMPORANEO ESPAÑOL |
| 650 | 1 | 4 | _xCATALOGOS |
| 650 | 1 | 4 | _xEXPOSICIONES |
| 650 | 1 | 4 | _aPINTORES ESPAÑOLES |
| 650 | 1 | 4 | _aPINTURA ESPAÑOLA |
| 999 |
_c8568 _d8568 |
||
| 260 |
_aBarcelona : Quart Galería _c1996 |
||